| 000 | 00825nam a2200217 a 4500 | ||
|---|---|---|---|
| 005 | 20210223125020.0 | ||
| 008 | 030619s1978 mx r 000 0 spa d | ||
| 035 | _aUPN01000126191 | ||
| 049 | _aSEP | ||
| 050 | 4 |
_aH31 _bC4 no.65 |
|
| 100 | 1 |
_aCarrasco Pizana, Pedro, _d1921-2012 _937479 |
|
| 245 | 1 | 0 |
_aColección de docuemntos sobre Coyoacán : _bautos referentes al cacicazgo de Coyoacán que proceden del AGN / _cPedro Carrasco P., Jesús Manjaráz-Ruiz. |
| 260 |
_aMéxico : _bINAH, Centro de Investigaciones Superiores, _c1978. |
||
| 300 | _a2 v. | ||
| 440 | 0 |
_aCientífica ; _v65. _pFuentes. _pHistoria social |
|
| 500 | _aLa biblioteca tiene el v.1 | ||
| 650 | 4 |
_aCIENCIAS SOCIALES - _vCOLECCIONES _910421 |
|
| 651 | 4 |
_aCOYOACAN, D.F. - _xHISTORIA _917530 |
|
| 700 | 1 |
_aManjaráz-Ruiz, Jesús, _ecoaut. |
|
| 905 | _aLibro | ||
| 999 |
_c98370 _d98370 |
||